Statistics for Artist By Song - Retro 2000-23 Meme Songs (501-1000)

Click here to take the quiz!

General Stats

  • This quiz has been taken 42 times
  • The average score is 280 of 500

Answer Stats

HintAnswer% Correct
Back In Black | Dirty Deeds Done Dirt Cheap | T.N.T. | You Shook Me All Night LongAC/DC
100%
Take on Mea-ha
100%
It's My Life | Livin' On A Prayer | Runaway | +2 othersBon Jovi
100%
Another One Bites The Dust | Bohemian Rhapsody | Fat Bottomed Girls | +3 othersQueen
100%
A Day In The Life | A Hard Day's Night | All You Need Is Love | +26 othersThe Beatles
100%
Chasing Pavements | SkyfallAdele
96%
Sweet Child O' MineGuns N Roses
96%
Billie Jean | Don't Stop Til You Get Enough | Smooth CriminalMichael Jackson
96%
All Apologies | Come As You Are | Smells Like Teen SpiritNirvana
96%
Waka Waka (This Time For Africa) | Whenever, WhereverShakira
96%
Every Breath You Take | Every Little Thing She Does Is Magic | Message In A Bottle | RoxanneThe Police
96%
Jump | PanamaVan Halen
96%
Cryin' | Dream On | Dude (Looks Like A Lady) | +5 othersAerosmith
93%
American Idiot | Welcome To Paradise | When I Come AroundGreen Day
93%
ImagineJohn Lennon
93%
Born This WayLady Gaga
93%
Champagne Supernova | WonderwallOasis
93%
Diamonds | Pon de Replay | S&M | What's My Name?Rihanna
93%
Barbie GirlAqua
89%
Gangsta's ParadiseCoolio
89%
Don't Go Breaking My Heart | Tiny DancerElton John
89%
Careless WhisperGeorge Michael
89%
Sweet Home Alabama | What's Your NameLynyrd Skynyrd
89%
I Don't Care Anymore | In The Air Tonight | You Can't Hurry LovePhil Collins
89%
Another Brick In The WallPink Floyd
89%
Just Like A Pill | Raise Your GlassP!nk
89%
Losing My ReligionR.E.M.
89%
Dreams | ZombieThe Cranberries
89%
Le FreakCHIC
86%
Animal | Bringin' On The Heartbreak | Love Bites | +3 othersDef Leppard
86%
Sweet Dreams (Are Made Of This)Eurythmics
86%
Enter SandmanMetallica
86%
Rock The Casbah | Should I Stay Or Should I GoThe Clash
86%
WaterlooABBA
82%
Focus | breathin | thank u, nextAriana Grande
82%
Call MeBlondie
82%
More Than A FeelingBoston
82%
Karma ChameleonCulture Club
82%
Time After TimeCyndi Lauper
82%
Sultans Of Swing | Walk Of LifeDire Straits
82%
God's Plan | I'm UpsetDrake
82%
Clint Eastwood | Feel Good Inc.Gorillaz
82%
Immigrant Song | Kashmir | Whole Lotta LoveLed Zeppelin
82%
Don't Speak | It's My Life | Just A GirlNo Doubt
82%
Holding Out For A Hero | Total Eclipse Of The HeartBonnie Tyler
79%
25 or 6 to 4 | Saturday In The ParkChicago
79%
SeptemberEarth, Wind & Fire
79%
LandslideFleetwood Mac
79%
Bad ReputationJoan Jett & The Blackhearts
79%
I Love Rock 'N RollJoan Jett & The blackhearts
79%
I Was Made For Lovin' You | Lick It Up | Rock And Roll All NiteKISS
79%
Mambo No. 5Lou Bega
79%
Every Rose Has Its ThornPoison
79%
Can't Stop | Give It Away | Under The BridgeRed Hot Chili Peppers
79%
Oh, Pretty WomanRoy Orbison
79%
SuperstitionStevie Wonder
79%
Everybody Wants To Rule The WorldTears For Fears
79%
Baba O'RileyThe Who
79%
What's Love Got To Do With ItTina Turner
79%
Sharp Dressed ManZZ Top
79%
Song 2Blur
75%
Blame | One Kiss | Sweet NothingCalvin Harris
75%
American PieDon McLean
75%
Take Me Home, Country RoadsJohn Denver
75%
Carry On Wayward Son | Dust In The WindKansas
75%
Sex On FireKings Of Leon
75%
Born To Be WildSteppenwolf
75%
WaterfallsTLC
75%
Hold The Line | I'll Be Over You | RosannaTOTO
75%
Heartache Tonight | Life In The Fast Lane | Lyin' Eyes | +2 othersEagles
71%
Cold As Ice | Double Vision | Hot Blooded | +2 othersForeigner
71%
Let's Get It OnMarvin Gaye
71%
Wonderful ChristmastimePaul McCartney
71%
No One Like You | Rock You Like A HurricaneScorpions
71%
Kiss From A RoseSeal
71%
Fly Like An Eagle | Take The Money And Run | The JokerSteve Miller Band
71%
Video Killed The Radio StarThe Buggles
71%
Light My FireThe Doors
71%
You Really Got MeThe Kinks
71%
Wake Me UpAvicii
68%
Bad Moon Rising | Down On The CornerCreedence Clearwater Revival
68%
Don't | SingEd Sheeran
68%
Rock Me AmadeusFalco
68%
Walking On SunshineKatrina & The Waves
68%
Boogie Shoes | Keep It Comin' Love | Shake Your Booty | That's The Way (I Like It)KC & The Sunshine Band
68%
My SharonaThe Knack
68%
MoreUsher
68%
Let's Get It StartedBlack Eyed Peas
64%
Iron ManBlack Sabbath
64%
Don't Bring Me Down | Evil Woman | Strange Magic | Turn To StoneElectric Light Orchestra
64%
Demons | I'm So Sorry | Natural | +2 othersImagine Dragons
64%
Jack & DianeJohn Mellencamp
64%
Faithfully | Wheel In The Sky | Who's Crying NowJourney
64%
Because Of You | Breakaway | Catch My Breath | +2 othersKelly Clarkson
64%
TornNatalie Imbruglia
64%
Drag Me Down | Story of My LifeOne Direction
64%
Ms. JacksonOutkast
64%
Hey Baby (Drop It To The Floor) | I Know You Want Me (Calle Ocho)Pitbull
64%
Edge Of SeventeenStevie Nicks
64%
Eternal FlameThe Bangles
64%
Just What I NeededThe Cars
64%
Iris | SlideThe Goo Goo Dolls
64%
Don't Ask Me Why | Movin' Out (Anthony's Song) | You May Be RightBilly Joel
61%
Come On EileenDexys Midnight Runners
61%
Killing Me Softly With His SongFugees
61%
All Of Me (Tiesto Remix)John Legend
61%
Paper PlanesM.I.A.
61%
50 Ways To Leave Your Lover | Me And Julio Down By The SchoolyardPaul Simon
61%
Come On Feel The NoiseQuiet Riot
61%
American WomanThe Guess Who
61%
I'm Gonna Be (500 Miles)The Proclaimers
61%
SICKO MODETravis Scott
61%
Beverly Hills | Island In The SunWeezer
61%
Pompeii | Quarter Past MidnightBastille
57%
Got My Mind Set On YouGeorge Harrison
57%
The Sweet EscapeGwen Stefani
57%
Magic ManHeart
57%
Flashdance... What A FeelingIrene Cara
57%
As Long As You Love MeJustin Bieber
57%
HUMBLE. | m.A.A.d cityKendrick Lamar
57%
Sonata No 14: MoonlightLudwig van Beethoven
57%
Animals | Love Somebody | Never Gonna Leave This Bed | +4 othersMaroon 5
57%
Keep On Loving You | Take It On The RunREO Speedwagon
57%
It's TrickyRun-D.M.C.
57%
Miss YouThe Rolling Stones
57%
Hand In My PocketAlanis Morissette
54%
Takin' Care Of Business | You Ain't Seen Nothing YetBachman-Turner Overdrive
54%
(Don't Fear) The Reaper | Burnin' For YouBlue Oyster Cult
54%
The Boys Of SummerDon Henley
54%
What Is LoveHaddaway
54%
Your Love Is My DrugKe$ha
54%
Who Can It Be Now?Men At Work
54%
Haven't Met You YetMichael Buble
54%
Pocketful of SunshineNatasha Bedingfield
54%
I Wanna RockTwisted Sister
54%
All That She WantsAce Of Base
50%
Heat Of The MomentAsia
50%
(We're Gonna) Rock Around The ClockBill Haley & His Comets
50%
Evacuate The DancefloorCascada
50%
Ex's & Oh'sElle King
50%
Rich Girl | She's GoneHall & Oates
50%
You Make My Dreams Come TrueHall and Oates
50%
Burn It To The Ground | Far AwayNickelback
50%
Sister ChristianNight Ranger
50%
SunflowerPost Malone
50%
Get Busy | TemperatureSean Paul
50%
Reelin' In The YearsSteely Dan
50%
Chop Suey!System Of A Down
50%
Happy TogetherThe Turtles
50%
An Old Fashioned Love Song | Black And White | Celebrate | +9 othersThree Dog Night
50%
Best Day Of My LifeAmerican Authors
46%
Brick HouseCommodores
46%
Take Me OutFranz Ferdinand
46%
Man On The Corner | That's AllGenesis
46%
Bad To The BoneGeorge Thorogood And The Destroyers
46%
Baker StreetGerry Rafferty
46%
I Luh Ya PapiJennifer Lopez
46%
Waiting On The World To ChangeJohn Mayer
46%
Sorry For Party RockingLMFAO
46%
Return Of The MackMark Morrison
46%
I Will WaitMumford & Sons
46%
Straight UpPaula Abdul
46%
I'm A BelieverSmash Mouth
46%
Babe | Blue Collar Man (Long Nights) | Fooling Yourself (The Angry Young Man) | +4 othersStyx
46%
Rapper's DelightThe Sugarhill Gang
46%
Pray For MeThe Weeknd
46%
Live And Let DieWings
46%
Youngblood5 Seconds Of Summer
43%
No DiggityBlackstreet
43%
You Spin Me Round (Like A Record)Dead Or Alive
43%
DominoJessie J
43%
DreamloverMariah Carey
43%
The EntertainerScott Joplin
43%
Slow Down | The Heart Wants What It WantsSelena Gomez
43%
Closing TimeSemisonic
43%
BangarangSkrillex
43%
LovefoolThe Cardigans
43%
RefugeeTom Petty And The Heartbreakers
43%
Don't Go Breaking My HeartBackstreet Boys
39%
ForeverChris Brown
39%
Be AlrightDean Lewis
39%
Save TonightEagle-Eye Cherry
39%
American BoyEstelle
39%
Rollin' (Air Raid Vehicle)Limp Bizkit
39%
Working For The WeekendLoverboy
39%
Blinded By The LightMannfred Mann's Earth Band
39%
UprisingMuse
39%
Last ResortPapa Roach
39%
Second ChanceShinedown
39%
Kiss MeSixpence None The Richer
39%
Kiss Me Thru The PhoneSoulja Boy
39%
Goodbye StrangerSupertramp
39%
OpheliaThe Lumineers
39%
Billionaire | Keep On Keeping OnTravie McCoy
39%
I'm Shipping Up To BostonDropkick Murphys
36%
BudapestGeorge Ezra
36%
Want To Want MeJason Derulo
36%
I'll Be Missing YouP. Diddy
36%
Whatta ManSalt-N-Pepa
36%
Stuck In The Middle With YouStealers Wheel
36%
Self EsteemThe Offspring
36%
For The First Time | Hall Of FameThe Script
36%
The MiddleZedd
36%
Brighter Than The Sun | BubblyColbie Caillat
32%
Cat's In The CradleHarry Chapin
32%
Life's Been GoodJoe Walsh
32%
Day 'N' NiteKid Cudi
32%
BulletproofLa Roux
32%
PushMatchbox Twenty
32%
Ride Wit MeNelly
32%
Wherever I GoOneRepublic
32%
DADDY | GentlemanPSY
32%
Murder On The DancefloorSophie Ellis-Bextor
32%
It's Been AwhileStaind
32%
Your LoveThe Outfield
32%
Here Without You | When I'm Gone3 Doors Down
29%
Feel Like Makin' LoveBad Company
29%
First Dateblink-182
29%
MercyDuffy
29%
Good VibrationsMarky Mark And The Funky Bunch
29%
Come On Get HigherMatt Nathanson
29%
Miss IndependentNe-Yo
29%
Take A WalkPassion Pit
29%
1901Phoenix
29%
Lonely No MoreRob Thomas
29%
Escape (The Pina Colada Song)Rupert Holmes
29%
Goofy Goober RockSpongebob Squarepants
29%
Howlin' For YouThe Black Keys
29%
What I Like About YouThe Romantics
29%
Last NiteThe Strokes
29%
UnsteadyX Ambassadors
29%
Ocean AvenueYellowcard
29%
Burn The House Down | Sober UpAJR
25%
Hooked On A FeelingBlue Swede
25%
Baby Hold OnEddie Money
25%
Rock The NightEurope
25%
BattlefieldJordin Sparks
25%
Say SomethingJustin Timberlake
25%
Way Down We GoKALEO
25%
FRIENDSMarshmello
25%
Gonna Fly NowBill Conti
21%
Working My Way Back To YouFrankie Valli & The Four Seasons
21%
Mo BambaSheck Wes
21%
Walk On WaterThirty Seconds To Mars
21%
Call Me SirTrain
21%
The HypeTwenty One Pilots
21%
Strike It UpBlack Box
18%
High EnoughDamn Yankees
18%
Walking On A DreamEmpire of the Sun
18%
Good Old DaysMacklemore
18%
I'm Not Okay (I Promise)My Chemical Romance
18%
Your LoveNicki Minaj
18%
When Can I See You Again?Owl City
18%
The Boys Of SummerThe Ataris
18%
The ManThe Killers
18%
Wish I Knew YouThe Revivalists
18%
4 For $4 | Clownin | Holding It Down | +2 othersat Wendy's
14%
MIC DropBTS
14%
Done For MeCharlie Puth
14%
BadDavid Guetta
14%
Listen To Your HeartDHT
14%
Party UpDMX
14%
MoskauDschinghis Khan
14%
BrokenheartedKarmin
14%
Bitch Lasagnapewdiepie
14%
PoisonBell Biv DeVoe
11%
Bounce Back | Dance (A$$) RemixBig Sean
11%
OMGCamila Cabello
11%
Lone DiggerCaravan Palace
11%
Fortnite AnthemDanny P
11%
VoicesDisturbed
11%
Hold My HandJess Glynne
11%
brokenlovelytheband
11%
Love SomeoneLukas Graham
11%
EverywhereMichelle Branch
11%
They're Coming To Take Me Away Ha-Haaa!Napoleon XIV
11%
Absolutely (Story Of A Girl)Nine Days
11%
SaviorRise Against
11%
7 ElementVitas
11%
Brand NewBen Rector
7%
Baby I'm YoursBreakbot
7%
Real LoveClean Bandit
7%
Meme Till You're DeadCyranek
7%
Tunak Tunak TunDaler Mehndi
7%
HeavenDJ Sammy
7%
Fist BumpDouglas Robb
7%
Close To MeEllie Goulding
7%
The WalkerFitz And The Tantrums
7%
Pants On The GroundGeneral Larry Platt
7%
Shipping Up To Enter SandmanGoddesses of Bagpipes
7%
Blood // Watergrandson
7%
Hotto DoguHeiakim
7%
Air Is FreeJohnossi
7%
HENTAI GODDE$$Kay P
7%
Dum Dee DuKeys N Krates
7%
crossing fieldLiSA
7%
Your Mama Don't DanceLoggins & Messina
7%
BillsLunchmoney Lewis
7%
In A DreamRockell
7%
AluwakbarRucka Rucka Ali
7%
Lean BackTerror Squad
7%
OleThe Bouncing Souls
7%
Be Who You AreThe Kooks
7%
Leave A Light OnTom Walker
7%
Cruel Angel's Thesis (English Cover)AmaLee
4%
People's ChampArkells
4%
For The Damaged CodaBlonde Redhead
4%
MiracleCHVRCHES
4%
Arrivederci RomaClaudio Villa
4%
Over My HeadEchosmith
4%
Paloma BlancaHans Petter Hansen
4%
Nikolaj HarbaskovHard Bass School
4%
Mia KhalifaiLOVEFRiDAY
4%
MiraclesInsane Clown Posse
4%
The Lone Ranger TehemJohn Morgan Orquestra
4%
Suck My NutzLil Toe
4%
HelloMartin Solveig
4%
Don't Lose Your WaySapphire
4%
ReadyWiDE AWAKE
4%
BeautifulBazzi
0%
Take Me HomeCash Cash
0%
Epic SaxJR Serpent
0%
Guile's ThemeLondon Music Works
0%
Carol Of The BellsMykola Dmytrovyc Leontovych
0%
HummingbirdWilding
0%

Score Distribution

Percentile by Number Answered

Percent of People with Each Score

Your Score History

You have not taken this quiz